[Event "Tsaghkadzor ChessMood op"]
[Site "Tsaghkadzor"]
[Date "2022.09.30"]
[Round "1"]
[White "Yadegar, Radin"]
[Black "Harutyunian, Tigran K"]
[Result "1-0"]
[WhiteElo "2215"]
[BlackElo "2541"]
[PlyCount "79"]
[EventDate "2022.09.30"]
[EventType "swiss"]
[EventRounds "9"]
[EventCountry "ARM"]
[SourceTitle "CBM 210 Extra"]
[Source "ChessBase"]
[SourceDate "2022.11.30"]
[SourceVersion "1"]
[SourceVersionDate "2022.11.30"]
[SourceQuality "1"]

1. d4 Nf6 2. c4 e6 3. Nc3 Bb4 4. e3 0-0 5. Nge2 c6 6. a3 Ba5 7. c5 d5 8. cxd6 Qxd6 9. b4 Bc7 10. Bb2 Qe7 11. g3 e5 12. dxe5 Ng4 13. Bg2 Nxe5 14. Qc2 Bg4 15. Nd4 Nc4 16. Bc1 Be5 17. 0-0 Nd7 18. h3 Bh5 19. Qb3 Ndb6 20. a4 a5 21. bxa5 Rxa5 22. f4 Bxd4 23. exd4 f5 24. Ba3 Qe3+ 25. Kh2 Rf6 26. Bc5 Rg6 27. g4 Rxc5 28. dxc5 fxg4 29. cxb6 gxh3 30. Qxc4+ Kh8 31. Be4 Qg3+ 32. Kh1 Rd6 33. Qc5 Bg6 34. Ra2 Rd8 35. Bxg6 hxg6 36. Qg5 Qd3 37. Raf2 Re8 38. Rf3 Qc4 39. Qxg6 Re6 40. Qf7 1-0

[Event "Qazvin Cup 10th"]
[Site "Qazvin"]
[Date "2022.07.27"]
[Round "4"]
[White "Mosadeghpour, Masoud"]
[Black "Yadegar, Radin"]
[Result "1-0"]
[WhiteElo "2468"]
[BlackElo "2029"]
[PlyCount "53"]
[EventDate "2022.07.25"]
[EventType "swiss"]
[EventRounds "9"]
[EventCountry "IRI"]
[SourceTitle "EXT 2023"]
[Source "ChessBase"]
[SourceDate "2022.10.05"]
[SourceVersion "1"]
[SourceVersionDate "2022.10.05"]
[SourceQuality "1"]

1. Nf3 d5 2. g3 Nf6 3. Bg2 g6 4. 0-0 Bg7 5. d4 0-0 6. c4 c6 7. b3 b5 8. Ne5 bxc4 9. bxc4 Nfd7 10. f4 Nxe5 11. fxe5 dxc4 12. Nc3 Be6 13. Ba3 Qc7 14. Qa4 a5 15. Rab1 Ra6 16. Ne4 Qd8 17. Nc5 Qxd4+ 18. Kh1 Qxe5 19. Rb7 Bc8 20. Rxe7 Qxe7 21. Nxa6 Qxe2 22. Bxf8 Bxa6 23. Bd6 Bb7 24. Qxa5 Nd7 25. Qd8+ Nf8 26. Qc7 Qe6 27. Bxf8 1-0

[Event "Rasht Jangal Cup 1st"]
[Site "Rasht"]
[Date "2021.12.09"]
[Round "8"]
[White "Tahbaz, Arash"]
[Black "Yadegar, Radin"]
[Result "1/2-1/2"]
[WhiteElo "2468"]
[BlackElo "2001"]
[PlyCount "65"]
[EventDate "2021.12.05"]
[EventType "swiss"]
[EventRounds "9"]
[EventCountry "IRI"]
[SourceTitle "EXT 2023"]
[Source "ChessBase"]
[SourceDate "2022.10.05"]
[SourceVersion "1"]
[SourceVersionDate "2022.10.05"]
[SourceQuality "1"]

1. d4 d5 2. c4 e6 3. Nf3 Nf6 4. g3 dxc4 5. Bg2 Nc6 6. Qa4 Bb4+ 7. Bd2 Nd5 8. Bxb4 Ndxb4 9. a3 b5 10. Qxb5 Nc2+ 11. Kd2 Bd7 12. Kxc2 Nxd4+ 13. Nxd4 Bxb5 14. Nxb5 Rb8 15. Rd1 Qf6 16. Bc6+ Kf8 17. N1c3 e5 18. Nxa7 Qxf2 19. Nab5 Qc5 20. Bf3 c6 21. Nd6 g6 22. Rab1 Kg7 23. Nce4 Qe3 24. Nd2 Rhd8 25. N2xc4 Qb3+ 26. Kc1 Rxd6 27. Nxd6 Qe3+ 28. Rd2 Qg1+ 29. Kc2 Qc5+ 30. Kd1 Qg1+ 31. Kc2 Qc5+ 32. Kd1 Qg1+ 33. Kc2 1/2-1/2

[Event "IRI-ch U12"]
[Site "Chess.com INT"]
[Date "2021.01.16"]
[Round "4"]
[White "Yadegar, Radin"]
[Black "Fatehi, Amir Masoud"]
[Result "1-0"]
[WhiteElo "1953"]
[BlackElo "1206"]
[PlyCount "43"]
[EventDate "2021.01.16"]
[EventType "swiss"]
[EventRounds "11"]
[EventCountry "IRI"]
[SourceTitle "EXT 2022"]
[Source "ChessBase"]
[SourceDate "2021.10.06"]
[SourceVersion "1"]
[SourceVersionDate "2021.10.06"]
[SourceQuality "1"]

1. d4 d5 2. c4 e6 3. Nc3 Nf6 4. cxd5 exd5 5. Bg5 Nbd7 6. e3 c6 7. Bd3 Bb4 8. Qc2 0-0 9. Nge2 Qc7 10. 0-0 Re8 11. Bf4 Qb6 12. a3 Be7 13. b4 a5 14. b5 c5 15. Na4 Qa7 16. dxc5 Nxc5 17. b6 Nxd3 18. bxa7 Bf5 19. Qd2 Rac8 20. Nb6 Nxf4 21. Nxf4 Rc2 22. Qd1 1-0

[Event "Wch FIDE Online U10 Asia qual"]
[Site "Tornelo INT"]
[Date "2020.12.11"]
[Round "2"]
[White "Yadegar, Radin"]
[Black "Muradylov, Baiel"]
[Result "0-1"]
[WhiteElo "1953"]
[BlackElo "1141"]
[PlyCount "86"]
[EventDate "2020.12.11"]
[EventType "swiss (rapid)"]
[EventRounds "7"]
[EventCountry "ISS"]
[SourceTitle "EXT 2022"]
[Source "ChessBase"]
[SourceDate "2021.10.06"]
[SourceVersion "1"]
[SourceVersionDate "2021.10.06"]
[SourceQuality "1"]

1. d4 Nf6 2. c4 e6 3. Nc3 d5 4. cxd5 exd5 5. Bg5 Nbd7 6. e3 Be7 7. Bd3 0-0 8. Qc2 h6 9. Bf4 c6 10. Nf3 Re8 11. 0-0 Nf8 12. h3 Bd6 13. Bxd6 Qxd6 14. Ne5 Ne6 15. f4 c5 16. Qf2 cxd4 17. exd4 Qb6 18. Bb5 Rd8 19. Rad1 Ne4 20. Nxe4 dxe4 21. Bc4 f6 22. Ng6 Kh7 23. Bxe6 Bxe6 24. f5 Bxa2 25. Rfe1 Bd5 26. Nf4 Bb3 27. Rd2 Re8 28. Qg3 Bf7 29. Re3 Rad8 30. Qf2 Rxd4 31. Rxd4 Qxd4 32. Kh2 b5 33. Qe1 b4 34. b3 a5 35. h4 Re7 36. h5 Re5 37. g4 Qd6 38. Kh3 Rc5 39. Ng6 Rc3 40. Rxc3 bxc3 41. Qxc3 Qd3+ 42. Qxd3 exd3 43. Nf4 d2 0-1

[Event "Wch-ch U10 rapid"]
[Site "Minsk"]
[Date "2019.08.16"]
[Round "4"]
[White "Yadegar, Radin"]
[Black "Vetokhin, Savva"]
[Result "0-1"]
[WhiteElo "1530"]
[BlackElo "1848"]
[PlyCount "88"]
[EventDate "2019.08.16"]
[EventType "swiss (rapid)"]
[EventRounds "9"]
[EventCountry "BLR"]
[SourceTitle "EXT 2020"]
[Source "ChessBase"]
[SourceDate "2019.10.17"]
[SourceVersion "1"]
[SourceVersionDate "2019.10.17"]
[SourceQuality "1"]

1. d4 Nf6 2. c4 e6 3. Nc3 Bb4 4. e3 0-0 5. Nge2 d5 6. a3 Bd6 7. c5 Be7 8. g3 c6 9. Bg2 Nbd7 10. 0-0 e5 11. b4 a5 12. b5 h5 13. Rb1 h4 14. bxc6 bxc6 15. Na4 Ba6 16. Re1 e4 17. Bd2 Bd3 18. Rb2 Qc7 19. Nf4 Bb5 20. Nc3 Bc4 21. Na4 Rab8 22. Qc2 g5 23. Nh3 Ng4 24. Qc3 Bb5 25. Nb6 Nxb6 26. cxb6 Qxb6 27. a4 Bb4 28. Qc2 Bd3 29. Qd1 f5 30. Bxb4 axb4 31. Nxg5 hxg3 32. hxg3 Rf6 33. Bh3 Rg6 34. Bxg4 Rxg5 35. Bh3 Qc7 36. Bf1 Bxf1 37. Rxf1 f4 38. exf4 Qxf4 39. Qc1 Qf6 40. Qc5 e3 41. Kg2 Rf8 42. Qc1 Qf3+ 43. Kg1 Rh5 44. Qxe3 Rh1# 0-1

[Event "Wch U08 rapid"]
[Site "Minsk"]
[Date "2018.06.22"]
[Round "4"]
[White "Yadegar, Radin"]
[Black "Begmuratov, Khumoyun"]
[Result "0-1"]
[WhiteElo "1358"]
[BlackElo "1652"]
[PlyCount "90"]
[EventDate "2018.06.22"]
[EventType "swiss (rapid)"]
[EventRounds "9"]
[EventCountry "BLR"]
[SourceTitle "EXT 2019"]
[Source "ChessBase"]
[SourceDate "2018.10.10"]
[SourceVersion "1"]
[SourceVersionDate "2018.10.10"]
[SourceQuality "1"]

1. e4 e5 2. Bc4 Nc6 3. Nc3 Nf6 4. d3 Be7 5. f4 d6 6. f5 0-0 7. g4 h6 8. h4 Nh7 9. g5 Na5 10. gxh6 Nxc4 11. dxc4 Bxh4+ 12. Kf1 g6 13. Qg4 Bg5 14. Nf3 Bxc1 15. Rxc1 Kh8 16. Rg1 Rg8 17. Nd5 c6 18. Ne3 Bd7 19. Ke2 Qe7 20. Qh4 g5 21. Qh2 f6 22. Ng4 Be8 23. c3 Bf7 24. b3 Rad8 25. Rcd1 b5 26. cxb5 cxb5 27. Qg3 d5 28. Nfxe5 fxe5 29. Qxe5+ Qxe5 30. Nxe5 Bh5+ 31. Ke3 Rge8 32. Ng6+ Kg8 33. Rd4 Nf6 34. e5 Bxg6 35. fxg6 Rxe5+ 36. Kd3 Rde8 37. Rf1 R5e6 38. Kd2 Ne4+ 39. Kd3 Rxg6 40. Rxd5 a6 41. h7+ Kxh7 42. Re1 Rge6 43. Kd4 Kg6 44. c4 bxc4 45. bxc4 Nf6 0-1